اكتمل التصدير — 

Adolescente de Jalpan

محفوظ في:

المؤلف الرئيسي: Muñoz Espinosa, María Teresa (مؤلف)

التنسيق: كتاب

منشور في: Oxford Archaeopress Publishing Ltd 2024

الوسوم: إضافة وسم

لا توجد وسوم, كن أول من يضع وسما على هذه التسجيلة!

رقم الطلب:

LEADER 00626namaa2200169 4500
001 9781803278391
003 UkOxAP
005 20241119153107.0
020 |a 9781803278407 
776 1 |x 9781803278391 
245 0 0 |a Adolescente de Jalpan 
100 1 |a Muñoz Espinosa, María Teresa  |e Author  |l Spanish 
856 4 2 |a http://library.arce.org:8087/Archaeopress/Products/9781803278407 
260 |a Oxford  |b Archaeopress Publishing Ltd  |c 2024 
270 |a Archaeopress Publishing Ltd, Summertown Pavillion, 18 -24 Middle Way, Summertown  |b Oxford  |d United Kingdom  |e OX2 7LG  |k 44-1865-311914  |m info@archaeopress.com 
942 |2 lcc  |c EBOOK 
999 |c 59930  |d 59930